| 000 | 00662nam a2200193 i 4500 | ||
|---|---|---|---|
| 001 | 128517 | ||
| 003 | ES-MaACL | ||
| 005 | 20250719063314.0 | ||
| 007 | t| | ||
| 008 | 070516s1917 sp ||||1| spa d | ||
| 100 | 1 |
_aTagore, Rabindranath, _d1861-1941 _9109071 |
|
| 245 | 1 | 3 |
_aEl jardinero / _cpor Rabindranath Tagore ; traducción de Zenobia Camprubí de Jiménez ; con un poema de Juan Ramón Jiménez. |
| 260 |
_aMadrid : _b[Fortanet], _c1917. |
||
| 300 |
_a175 p. ; _c19 cm. |
||
| 700 | 1 |
_aCamprubí de Jiménez, Zenobia. _934307 |
|
| 700 | 1 |
_aJiménez, Juan Ramón, _d1881-1958 _966417 |
|
| 852 |
_aES-MaACL _jF-2999 |
||
| 999 |
_c128517 _d128517 |
||